000 00664nam a2200265Ia 4500
003 OSt
005 20221005085208.0
006 a|||||r|||| 00| 0
007 ta
008 221004b |||||||| |||| 00| 0 eng d
020 _a0333751523
024 _a77625
037 _cTextual
040 _aCRL
_cCRL
_beng
041 _2eng
_aeng
082 _aR3, P3
100 _aHow Alan
245 0 _aCritical Theory
260 _aNew York
_bCreative Print &Design(Wales) U.S.A.
_c2003
300 _a204p
_ccm.
490 _aTraditions in Social theory
650 _aPHILOSOPHY
942 _hR3, P3
_cTEXL
_2cc
999 _c993839
_d993839